1729 1916 1793 1897 1771 1089 1189 1395 1039 1604 1945 1533 1114 1506 1951 1184 1053 1706 1991 1174 1313 1698 1899 1446 1551 1615 1096 1128 1720 1466 1115 1350 1750 1015 1658 1501 1453 1474 1292 1290 1971 1338 1053 1279 1101 1444 1394 1386 1851 1884 1592 1479 1582 1398 1874 1717 1594 1913 1523 1420 1937 1842 1658 1474 1630 1016 1742 1267 1449 1198 1354 1167 1971 1595 1271 1117 1879 1539 1186 1044 1370 1038 1557 1436 1972 1328 1549 1274 1575 1012 1884 1054 1089 1298 1606 1093 1404 1088 1438 BCNSPRNW ULIB Ver.6.0+V

เปลี่ยนเป็นภาษาไทย

Change to English
 แสดงรายละเอียดบรรณานุกรม
  กลับหน้าหลัก

Brief Record : Get Marc (ISO 2709) : E-mail record : QR code < ปิดหน้าต่าง
LEADER : 00000nam 2200000uu 4500
001    13399114470
003     ULIB
008    120404s2553||||th 000 0 tha d
020    ^a9786167017426
090    ^aนว.^bป524ค 2553
100 0  ^aปัญญมาตย์
245 00 ^aคมเล่ห์เสห่หา/^cปัญญมาตย์
250    ^aพิมพ์ครั้งที่ 1
260    ^aกรุงเทพฯ :^bอักษรศาสตร์,^c2553
300    ^a246 หน้า
710 1  ^aอักษรศาสตร์
945    ^p229^l0^i17071
995    ^aกัณชพร
999    ^aใช้งานได้ทุกระบบ
รายการนี้ยังไม่มีแท็ก
คุณยังไม่ได้ล็อกอิน คุณสามารถมีกิจกรรมร่วมกับเว็บไซต์ได้ แต่ต้องล็อกอินก่อน ::
  ล็อกอิน

รายการสื่อสารสนเทศ

ลำดับที่ ประเภท เลขเรียก/บาร์โค้ด สถานที่ สถานะ
1. นวนิยาย
นวนิยาย
นว. ป524ค 2553  
  Barcode: 17071
ห้องสมุดวิทยาเขตสวรรค์ประชารักษ์
►นวนิยาย
บนชั้น
  ขอยืม

BibComment


ยังไม่เคยถูกคอมเมนท์

คอมเมนท์ทรัพยากรรายการนี้
  คอมเมนท์: คมเล่ห์เสห่หา ปั..


 Copyright 2026. Bcnsprnw @Library